Śrī Kuvempu sandarśana. (Record no. 67655)

MARC details
000 -LEADER
fixed length control field 00669cam a22002411 4500
001 - CONTROL NUMBER
control field sa 66001237
003 - CONTROL NUMBER IDENTIFIER
control field DLC
005 - DATE AND TIME OF LATEST TRANSACTION
control field 20260227112220.0
008 - FIXED-LENGTH DATA ELEMENTS--GENERAL INFORMATION
fixed length control field 890914s1957 ii ac b 000 0 kano
010 ## - LIBRARY OF CONGRESS CONTROL NUMBER
LC control number sa 66001237
035 ## - SYSTEM CONTROL NUMBER
System control number (OCoLC)20340340
040 ## - CATALOGING SOURCE
Original cataloging agency DLC
Transcribing agency WaU
Modifying agency DLC
042 ## - AUTHENTICATION CODE
Authentication code premarc
050 00 - LIBRARY OF CONGRESS CALL NUMBER
Classification number PL4659.P797
Item number S78
100 0# - MAIN ENTRY--PERSONAL NAME
Personal name Kuvempu,
Dates associated with a name 1904-1994.
245 10 - TITLE STATEMENT
Title Śrī Kuvempu sandarśana.
260 ## - PUBLICATION, DISTRIBUTION, ETC.
Date of publication, distribution, etc. [1957]
300 ## - PHYSICAL DESCRIPTION
Extent viii, 172 p.
Other physical details illus., ports.
Dimensions 19 cm.
500 ## - GENERAL NOTE
General note In Kannada.
504 ## - BIBLIOGRAPHY, ETC. NOTE
Bibliography, etc. note Bibliographical footnotes.
600 00 - SUBJECT ADDED ENTRY--PERSONAL NAME
Personal name Kuvempu,
Dates associated with a name 1904-1994.
Title of a work Śrī Rāmāyaṇa darśanaṃ.
700 1# - ADDED ENTRY--PERSONAL NAME
Personal name Chennabasappa, Konana,
Dates associated with a name 1922-

No items available.

Powered by Koha